[Event "Oberliga Ost-B 1415"]
[Site "Germany"]
[Date "2014.12.07"]
[Round "5.3"]
[White "Babrikowski, Peter"]
[Black "Alber, Horst"]
[Result "0-1"]
[WhiteElo "2226"]
[BlackElo "2310"]
[PlyCount "112"]
[EventDate "2014.09.21"]
[EventType "team-tourn"]
[EventRounds "11"]
[EventCountry "GER"]
[SourceTitle "EXT 2016"]
[Source "ChessBase"]
[SourceDate "2015.10.08"]
[SourceVersion "1"]
[SourceVersionDate "2015.10.08"]
[SourceQuality "1"]
[WhiteTeam "Jena Schott"]
[BlackTeam "Marburg"]
[WhiteTeamCountry "GER"]
[BlackTeamCountry "GER"]

1. e4 g6 2. d4 Bg7 3. Nc3 d6 4. Bc4 e6 5. Nf3 Ne7 6. h4 h6 7. Bf4 a6 8. a4 b6 9. 0-0 Bb7 10. Qe2 Nd7 11. Rfe1 0-0 12. Nd1 Bxe4 13. Qxe4 d5 14. Bxd5 Nxd5 15. Bg3 c5 16. Ne3 N7f6 17. Qd3 cxd4 18. Qxd4 Rc8 19. c3 Nd7 20. Qd2 Nc5 21. Qe2 Nxe3 22. Qxe3 Qd3 23. Be5 Qxe3 24. Rxe3 Bxe5 25. Nxe5 Rfd8 26. Kf1 Rd5 27. Ke1 Kg7 28. f4 h5 29. b4 Nd7 30. Rd1 Nxe5 31. Rxd5 Ng4 32. Rdd3 Nxe3 33. Rxe3 Rc4 34. g3 a5 35. bxa5 bxa5 36. Kd2 Rxa4 37. Kd3 Kf6 38. Re5 Ra1 39. Kd4 a4 40. c4 Ra3 41. c5 Rxg3 42. c6 Ke7 43. Rc5 Kd8 44. Ra5 Kc7 45. Ra6 Kd6 46. Rxa4 Rg4 47. c7 e5+ 48. Ke3 Kxc7 49. Ra7+ Kd6 50. Rxf7 Rxh4 51. Rf6+ Kd5 52. Rxg6 Rxf4 53. Rh6 h4 54. Rh5 Ra4 55. Kf3 Ra3+ 56. Ke2 h3 0-1

[Event "Oberliga Ost-B 1314"]
[Site "Germany"]
[Date "2014.03.16"]
[Round "9.3"]
[White "Babrikowski, Peter"]
[Black "Voropaev, Gleb"]
[Result "0-1"]
[WhiteElo "2224"]
[BlackElo "2300"]
[PlyCount "48"]
[EventDate "2013.10.13"]
[EventType "team-tourn"]
[EventRounds "11"]
[EventCountry "GER"]
[SourceTitle "EXT 2015"]
[Source "ChessBase"]
[SourceDate "2014.11.20"]
[SourceVersion "1"]
[SourceVersionDate "2014.11.20"]
[SourceQuality "1"]
[WhiteTeam "Jena"]
[BlackTeam "Heusenstamm"]
[WhiteTeamCountry "GER"]
[BlackTeamCountry "GER"]

1. e4 e5 2. Nc3 Nf6 3. f4 d5 4. fxe5 Nxe4 5. Qf3 Nxc3 6. dxc3 Qh4+ 7. g3 Qe4+ 8. Qxe4 dxe4 9. Bg2 Nd7 10. Bf4 Be7 11. Bxe4 g5 12. e6 gxf4 13. exd7+ Bxd7 14. gxf4 Bh4+ 15. Ke2 0-0-0 16. Nf3 Rhe8 17. Nxh4 Rxe4+ 18. Kf3 Bc6 19. Rhg1 h5 20. Raf1 Rde8 21. Kg3 Re3+ 22. Nf3 h4+ 23. Kg4 Bxf3+ 24. Rxf3 f5+ 0-1

[Event "Oberliga Ost-B 1112"]
[Site "Germany"]
[Date "2012.01.15"]
[Round "7.4"]
[White "Sieber, Stephan"]
[Black "Babrikowski, Peter"]
[Result "1-0"]
[WhiteElo "2231"]
[BlackElo "2255"]
[PlyCount "85"]
[EventDate "2011.10.02"]
[EventType "team-tourn"]
[EventRounds "11"]
[EventCountry "GER"]
[SourceTitle "EXT 2013"]
[Source "ChessBase"]
[SourceDate "2012.11.22"]
[SourceVersion "1"]
[SourceVersionDate "2012.11.22"]
[SourceQuality "1"]
[WhiteTeam "Erfurt Empor"]
[BlackTeam "Jena Schott"]
[WhiteTeamCountry "GER"]
[BlackTeamCountry "GER"]

1. e4 c6 2. d4 d5 3. exd5 cxd5 4. Bd3 Nf6 5. h3 e6 6. Nf3 Bd6 7. 0-0 0-0 8. Re1 b6 9. Qe2 Bb7 10. Bg5 Nbd7 11. Ne5 Qc7 12. Nd2 Rac8 13. c3 Rfe8 14. Bb5 a6 15. Bxf6 axb5 16. Nxd7 Qxd7 17. Qg4 g6 18. a3 Be7 19. Bxe7 Qxe7 20. h4 Qf6 21. Re5 Rc7 22. h5 Ra8 23. Rae1 Bc8 24. Qg3 Rc6 25. Nf3 Bd7 26. Nh2 Qg7 27. Ng4 f5 28. Ne3 gxh5 29. Qxg7+ Kxg7 30. Nxd5 Rd6 31. Nc7 Rg8 32. Nxe6+ Kf6 33. Nf4 Rg4 34. Nxh5+ Kg5 35. f3 Rh4 36. Ng3 Rdh6 37. Re7 Bc6 38. R1e5 Kf4 39. Kf2 Rf6 40. Rg7 Bxf3 41. gxf3 Rh2+ 42. Kg1 Rg6 43. Rxg6 1-0

[Event "Oberliga Ost-B 1112"]
[Site "Germany"]
[Date "2011.10.02"]
[Round "1.2"]
[White "Babrikowski, Peter"]
[Black "Koch, Markus"]
[Result "0-1"]
[WhiteElo "2255"]
[BlackElo "2135"]
[PlyCount "88"]
[EventDate "2011.10.02"]
[EventType "team-tourn"]
[EventRounds "11"]
[EventCountry "GER"]
[SourceTitle "EXT 2013"]
[Source "ChessBase"]
[SourceDate "2012.11.22"]
[SourceVersion "1"]
[SourceVersionDate "2012.11.22"]
[SourceQuality "1"]
[WhiteTeam "Jena Schott"]
[BlackTeam "Frankfurt BvK"]
[WhiteTeamCountry "GER"]
[BlackTeamCountry "GER"]

1. e4 c5 2. c3 d5 3. exd5 Qxd5 4. d4 e6 5. Nf3 Nf6 6. Be2 Be7 7. c4 Qd8 8. Nc3 cxd4 9. Nxd4 a6 10. Be3 Qc7 11. 0-0 0-0 12. Rc1 Nbd7 13. Qd2 Rd8 14. Rfd1 Nc5 15. Qc2 g6 16. b4 e5 17. bxc5 exd4 18. Bxd4 Bf5 19. Qb3 Rxd4 20. Rxd4 Bxc5 21. Nd5 Qe5 22. Nxf6+ Qxf6 23. Rf4 Qe5 24. Qf3 Re8 25. Bf1 Be4 26. Qg3 f5 27. Re1 Bd6 28. Rh4 Qe7 29. Qh3 Bc5 30. Bd3 Bb4 31. Re2 Qe5 32. Rexe4 fxe4 33. Bf1 Re7 34. c5 Qxc5 35. Qb3+ Kg7 36. Rf4 Bc3 37. Qc2 e3 38. Rc4 exf2+ 39. Qxf2 Qe5 40. g3 b5 41. Rf4 Ba5 42. Bg2 Bc7 43. Qd4 Qxd4+ 44. Rxd4 Bb6 0-1

[Event "Oberliga Ost-A 1011"]
[Site "Germany"]
[Date "2011.03.20"]
[Round "9.2"]
[White "Babrikowski, Peter"]
[Black "Hillmann, Michael"]
[Result "1-0"]
[WhiteElo "2241"]
[BlackElo "2160"]
[PlyCount "51"]
[EventDate "2010.10.24"]
[EventType "team-tourn"]
[EventRounds "11"]
[EventCountry "GER"]
[SourceTitle "EXT 2012"]
[Source "ChessBase"]
[SourceDate "2011.11.24"]
[SourceVersion "1"]
[SourceVersionDate "2011.11.24"]
[SourceQuality "1"]
[WhiteTeam "Jena Schott"]
[BlackTeam "Sangerhausen"]
[WhiteTeamCountry "GER"]
[BlackTeamCountry "GER"]

1. e4 d5 2. exd5 Qxd5 3. Nc3 Qd6 4. Bc4 Nf6 5. d3 a6 6. a4 e6 7. Nf3 b6 8. Qe2 Bb7 9. 0-0 Be7 10. Ne5 Nc6 11. f4 Nd4 12. Qf2 0-0 13. Be3 Nf5 14. Rfe1 Nxe3 15. Qxe3 Nd5 16. Nxd5 exd5 17. Bb3 Bh4 18. g3 d4 19. Nxf7 Rxf7 20. Qe8+ Rxe8 21. Rxe8+ Qf8 22. Bxf7+ Kxf7 23. Rxf8+ Kxf8 24. gxh4 Kf7 25. Kf2 Bd5 26. Re1 1-0

[Event "Oberliga Ost-A 1011"]
[Site "Germany"]
[Date "2011.02.27"]
[Round "8.1"]
[White "Babrikowski, Peter"]
[Black "Proehl, Holger"]
[Result "1-0"]
[WhiteElo "2241"]
[BlackElo "2403"]
[PlyCount "79"]
[EventDate "2010.10.24"]
[EventType "team-tourn"]
[EventRounds "11"]
[EventCountry "GER"]
[SourceTitle "EXT 2012"]
[Source "ChessBase"]
[SourceDate "2011.11.24"]
[SourceVersion "1"]
[SourceVersionDate "2011.11.24"]
[SourceQuality "1"]
[WhiteTeam "Jena Schott"]
[BlackTeam "Loeberitz"]
[WhiteTeamCountry "GER"]
[BlackTeamCountry "GER"]

1. e4 e6 2. d4 d5 3. e5 c5 4. c3 Nc6 5. Nf3 Qb6 6. a3 a5 7. Bd3 Bd7 8. 0-0 cxd4 9. cxd4 Nxd4 10. Nxd4 Qxd4 11. Nc3 Qb6 12. Qg4 h5 13. Qf4 a4 14. Be3 Qa5 15. Bd4 b6 16. Rac1 Bc5 17. Bxc5 bxc5 18. Nb5 Bxb5 19. Rxc5 Bxd3 20. Rxa5 Rxa5 21. Qd2 Rc5 22. Qxd3 Ne7 23. Qd4 Rc4 24. Qa7 Nc8 25. Qb7 0-0 26. f4 g6 27. Rf3 Re8 28. Rc3 Rxc3 29. bxc3 Ne7 30. Qd7 Kf8 31. Qxa4 Rb8 32. Qc2 Nc6 33. a4 Na5 34. Qa2 Rb3 35. Kf2 Rxc3 36. Qd2 d4 37. Qxd4 Rc2+ 38. Kg3 Nc6 39. Qd3 Rc1 40. Qa3+ 1-0

[Event "Oberliga Ost-A 0910"]
[Site "Germany"]
[Date "2010.04.11"]
[Round "11.2"]
[White "Bollmann, Henrik"]
[Black "Babrikowski, Peter"]
[Result "1/2-1/2"]
[WhiteElo "2184"]
[BlackElo "2235"]
[PlyCount "95"]
[EventDate "2009.10.18"]
[EventType "team-tourn"]
[EventRounds "11"]
[EventCountry "GER"]
[SourceTitle "EXT 2011"]
[Source "ChessBase"]
[SourceDate "2010.11.26"]
[SourceVersion "1"]
[SourceVersionDate "2010.11.26"]
[SourceQuality "1"]
[WhiteTeam "Sangerhausen"]
[BlackTeam "Jena Schott"]
[WhiteTeamCountry "GER"]
[BlackTeamCountry "GER"]

1. d4 f5 2. Nf3 Nf6 3. g3 g6 4. Bg2 Bg7 5. 0-0 0-0 6. b3 d6 7. Bb2 c6 8. Nbd2 Na6 9. Re1 Nc7 10. Nc4 Be6 11. Nfd2 Bd5 12. f3 b5 13. Na3 Rb8 14. c4 Be6 15. Rc1 Qd7 16. Qc2 b4 17. Nab1 f4 18. gxf4 Nh5 19. e3 c5 20. dxc5 dxc5 21. Ne4 Qc6 22. Ng3 Bxb2 23. Qxb2 Ng7 24. Rcd1 Nf5 25. Nd2 Rbd8 26. Nxf5 Bxf5 27. Ne4 Ne6 28. Qe5 a5 29. Rd5 a4 30. Red1 axb3 31. Rxd8 Nxd8 32. axb3 Ne6 33. Rd5 Rc8 34. Nd2 Nf8 35. e4 Be6 36. Rd3 Qc7 37. Qxc7 Rxc7 38. Kf2 Ra7 39. Kg3 Kf7 40. Nf1 Ra3 41. Ne3 Bd7 42. Bf1 Bc6 43. f5 gxf5 44. exf5 Nd7 45. Kf4 Ra2 46. Bg2 Rb2 47. h4 h6 48. Bf1 1/2-1/2

[Event "Oberliga Ost-A 0910"]
[Site "Germany"]
[Date "2010.04.10"]
[Round "10.2"]
[White "Babrikowski, Peter"]
[Black "Engelmann, Jakob"]
[Result "0-1"]
[WhiteElo "2235"]
[BlackElo "2203"]
[PlyCount "52"]
[EventDate "2009.10.18"]
[EventType "team-tourn"]
[EventRounds "11"]
[EventCountry "GER"]
[SourceTitle "EXT 2011"]
[Source "ChessBase"]
[SourceDate "2010.11.26"]
[SourceVersion "1"]
[SourceVersionDate "2010.11.26"]
[SourceQuality "1"]
[WhiteTeam "Jena Schott"]
[BlackTeam "Halle USV"]
[WhiteTeamCountry "GER"]
[BlackTeamCountry "GER"]

1. e4 c6 2. d4 d5 3. Nc3 dxe4 4. Nxe4 Nd7 5. Nf3 Ngf6 6. Nxf6+ Nxf6 7. Bc4 Bf5 8. 0-0 e6 9. Re1 Be7 10. Ne5 0-0 11. g4 Bg6 12. h4 h5 13. Nxg6 fxg6 14. Bxe6+ Kh7 15. g5 Nd5 16. Bxd5 cxd5 17. Bd2 Qd7 18. Kg2 Bd6 19. a3 Rf7 20. Bb4 Raf8 21. Rf1 Bxb4 22. axb4 Rf4 23. Ra3 Qf5 24. Qd2 Rf3 25. Rd3 Qg4+ 26. Kh2 Rxd3 0-1

[Event "Oberliga Ost-A 0910"]
[Site "Germany"]
[Date "2010.03.21"]
[Round "9.3"]
[White "Babrikowski, Peter"]
[Black "Braun, Gottfried"]
[Result "1/2-1/2"]
[WhiteElo "2235"]
[BlackElo "2233"]
[PlyCount "33"]
[EventDate "2009.10.18"]
[EventType "team-tourn"]
[EventRounds "11"]
[EventCountry "GER"]
[SourceTitle "EXT 2011"]
[Source "ChessBase"]
[SourceDate "2010.11.26"]
[SourceVersion "1"]
[SourceVersionDate "2010.11.26"]
[SourceQuality "1"]
[WhiteTeam "Jena Schott"]
[BlackTeam "Leipzig Lok II"]
[WhiteTeamCountry "GER"]
[BlackTeamCountry "GER"]

1. e4 d6 2. d4 Nf6 3. Nc3 e5 4. dxe5 dxe5 5. Qxd8+ Kxd8 6. Bg5 Be7 7. 0-0-0+ Nbd7 8. Bc4 Ke8 9. Nf3 c6 10. h3 b5 11. Bd3 Nh5 12. Be3 f6 13. g4 Nf4 14. Bxf4 exf4 15. Nd4 Ne5 16. Nf5 g6 17. Nxe7 1/2-1/2

[Event "Oberliga Ost-A 0910"]
[Site "Germany"]
[Date "2010.01.24"]
[Round "7.3"]
[White "Babrikowski, Peter"]
[Black "Kesik, Klaus Dieter"]
[Result "1/2-1/2"]
[WhiteElo "2235"]
[BlackElo "2230"]
[PlyCount "106"]
[EventDate "2009.10.18"]
[EventType "team-tourn"]
[EventRounds "11"]
[EventCountry "GER"]
[SourceTitle "EXT 2011"]
[Source "ChessBase"]
[SourceDate "2010.11.26"]
[SourceVersion "1"]
[SourceVersionDate "2010.11.26"]
[SourceQuality "1"]
[WhiteTeam "Jena Schott"]
[BlackTeam "Hoyerswerda"]
[WhiteTeamCountry "GER"]
[BlackTeamCountry "GER"]

1. e4 Nf6 2. Nc3 d5 3. exd5 Nxd5 4. Bc4 c6 5. Qf3 e6 6. Nge2 Nd7 7. d4 Qf6 8. Qg3 Qg6 9. Bd3 Qxg3 10. hxg3 Nb4 11. Be4 Nf6 12. Kd1 Nxe4 13. Nxe4 b6 14. a3 Na6 15. Be3 Bb7 16. Ng5 c5 17. dxc5 Bxc5 18. Bxc5 Nxc5 19. Nf3 Rd8+ 20. Ke1 Be4 21. Rc1 Ke7 22. Rh4 Bb7 23. Rc4 Rc8 24. Rd1 f6 25. Nc3 Rhd8 26. Rxd8 Rxd8 27. b4 Na6 28. Nb5 Bd5 29. Rh4 Rc8 30. Kd2 h6 31. Nxa7 Rd8 32. Ke3 Nc7 33. Nd4 Ra8 34. Nab5 Nxb5 35. Nxb5 Bc6 36. c4 Bxb5 37. cxb5 Rxa3+ 38. Ke2 Ra2+ 39. Ke3 Rc2 40. Rh1 Rc4 41. Rb1 e5 42. Kd3 Rd4+ 43. Kc3 Ke6 44. Ra1 Rd7 45. Ra6 Rb7 46. Ra8 Kd5 47. Rd8+ Ke4 48. Rd6 h5 49. Kc4 Rc7+ 50. Rc6 Rb7 51. Re6 Rc7+ 52. Rc6 Rb7 53. Re6 Rc7+ 1/2-1/2

[Event "Oberliga Ost-B 0405"]
[Site "Germany"]
[Date "2005.03.13"]
[Round "9.2"]
[White "Babrikowski, Peter"]
[Black "Karabalis, Harilos"]
[Result "1-0"]
[WhiteElo "2241"]
[BlackElo "2255"]
[PlyCount "107"]
[EventDate "2004.10.10"]
[EventType "team-tourn"]
[EventRounds "11"]
[EventCountry "GER"]
[SourceTitle "EXT 2006"]
[Source "ChessBase"]
[SourceDate "2005.11.24"]
[SourceVersion "1"]
[SourceVersionDate "2005.11.24"]
[SourceQuality "1"]
[WhiteTeam "Jena Glas"]
[BlackTeam "Frankfurt BvK"]
[WhiteTeamCountry "GER"]
[BlackTeamCountry "GER"]

1. e4 e6 2. d4 d5 3. e5 c5 4. c3 Nc6 5. Nf3 Bd7 6. Be2 Nge7 7. 0-0 Nf5 8. Bd3 Nh4 9. Nbd2 Ng6 10. Re1 Qb6 11. Nf1 cxd4 12. Bxg6 fxg6 13. cxd4 Be7 14. b3 0-0 15. Be3 Ba3 16. Re2 Rac8 17. Bc1 Be7 18. Bb2 a5 19. Ne3 Nb4 20. Ne1 Bb5 21. Rd2 Bg5 22. Nf3 Bf4 23. a3 Nc6 24. Rc1 Rf7 25. a4 Ba6 26. Ba3 g5 27. h3 h5 28. Rc3 Qd8 29. Rdc2 Bxe3 30. Rxe3 Rf4 31. g3 Rf5 32. Rec3 Rc7 33. h4 gxh4 34. Nxh4 Rg5 35. Rf3 Nb4 36. Bxb4 axb4 37. Rf4 Qc8 38. Rxc7 Qxc7 39. Nf3 Rg6 40. Qb1 Rh6 41. Ng5 Qc3 42. Nf7 Bd3 43. Nxh6+ gxh6 44. Qd1 Be4 45. Kh2 Bg6 46. Qf3 Qc8 47. Rf6 Qe8 48. Qf4 Kg7 49. Qc1 Qe7 50. Qc5 Qxc5 51. dxc5 Bf5 52. Kg1 Bg4 53. f3 Bh3 54. a5 1-0

[Event "Oberliga Ost-B 0304"]
[Site "Germany"]
[Date "2004.04.25"]
[Round "11.2"]
[White "Solonar, Stefan"]
[Black "Babrikowski, Peter"]
[Result "1-0"]
[WhiteElo "2385"]
[BlackElo "2254"]
[PlyCount "53"]
[EventDate "2003.11.02"]
[EventType "team-tourn"]
[EventRounds "11"]
[EventCountry "GER"]
[SourceTitle "EXT 2005"]
[Source "ChessBase"]
[SourceDate "2004.11.15"]
[SourceVersion "1"]
[SourceVersionDate "2004.11.15"]
[SourceQuality "1"]
[WhiteTeam "Offenbach"]
[BlackTeam "Jena Glas"]
[WhiteTeamCountry "GER"]
[BlackTeamCountry "GER"]

1. c4 e5 2. Nc3 Nf6 3. Nf3 Nc6 4. g3 g6 5. d4 exd4 6. Nxd4 Bg7 7. Nxc6 bxc6 8. Bg2 0-0 9. 0-0 Qe7 10. Bd2 Rb8 11. Rb1 Re8 12. Qa4 Qc5 13. a3 Ng4 14. Ne4 Qh5 15. h3 Nf6 16. g4 Nxg4 17. hxg4 Qxg4 18. f3 Qh4 19. Bg5 Qh5 20. Nf6+ Bxf6 21. Bxf6 Qc5+ 22. e3 Qxe3+ 23. Rf2 Re6 24. Bc3 Qc5 25. Rd1 a6 26. Qa5 Qb6 27. Qg5 1-0

[Event "Oberliga Ost-B 0304"]
[Site "Germany"]
[Date "2004.03.28"]
[Round "9.2"]
[White "Babrikowski, Peter"]
[Black "Dubinski, Leonid"]
[Result "1-0"]
[WhiteElo "2254"]
[BlackElo "2215"]
[PlyCount "73"]
[EventDate "2003.11.02"]
[EventType "team-tourn"]
[EventRounds "11"]
[EventCountry "GER"]
[SourceTitle "EXT 2005"]
[Source "ChessBase"]
[SourceDate "2004.11.15"]
[SourceVersion "1"]
[SourceVersionDate "2004.11.15"]
[SourceQuality "1"]
[WhiteTeam "Jena Glas"]
[BlackTeam "Kassel Hermania"]
[WhiteTeamCountry "GER"]
[BlackTeamCountry "GER"]

1. d4 d5 2. Bg5 c6 3. e3 Qb6 4. Qc1 Bf5 5. Nf3 h6 6. Bh4 Nd7 7. Nbd2 e6 8. c4 Be7 9. Bxe7 Nxe7 10. Be2 0-0 11. 0-0 Rfc8 12. Nh4 Bh7 13. Qc3 c5 14. Qa3 Qd8 15. Nhf3 cxd4 16. Nxd4 Ne5 17. Rac1 dxc4 18. Nxc4 Nxc4 19. Bxc4 Nd5 20. Bxd5 Rxc1 21. Rxc1 Qxd5 22. Qxa7 Rd8 23. h3 e5 24. Rc5 Qd6 25. Nb5 Qd2 26. Qxb7 Bg6 27. Rc8 Kh7 28. Rxd8 Qxd8 29. Qc7 Qd1+ 30. Kh2 f6 31. Qc4 Qd2 32. Kg3 Qxb2 33. a4 h5 34. Nc7 f5 35. Ne6 Qb8 36. Qc7 Qg8 37. Qxe5 1-0

[Event "Oberliga Ost-B 0304"]
[Site "Germany"]
[Date "2004.02.14"]
[Round "6.2"]
[White "Troyke, Christian"]
[Black "Babrikowski, Peter"]
[Result "1/2-1/2"]
[WhiteElo "2354"]
[BlackElo "2254"]
[PlyCount "38"]
[EventDate "2003.11.02"]
[EventType "team-tourn"]
[EventRounds "11"]
[EventCountry "GER"]
[SourceTitle "EXT 2005"]
[Source "ChessBase"]
[SourceDate "2004.11.15"]
[SourceVersion "1"]
[SourceVersionDate "2004.11.15"]
[SourceQuality "1"]
[WhiteTeam "Erfurt SK II"]
[BlackTeam "Jena Glas"]
[WhiteTeamCountry "GER"]
[BlackTeamCountry "GER"]

1. g3 g6 2. Bg2 Bg7 3. d4 f5 4. Nc3 Nf6 5. h4 d5 6. Nh3 Nc6 7. Nf4 e6 8. h5 gxh5 9. e3 Qe7 10. Nxh5 Nxh5 11. Qxh5+ Qf7 12. Qxf7+ Kxf7 13. Bd2 Bd7 14. Ne2 Ne7 15. Bf3 c5 16. c3 Rac8 17. Nf4 Ng6 18. Bh5 Kf6 19. Nd3 c4 1/2-1/2

[Event "Oberliga Ost-B 0304"]
[Site "Germany"]
[Date "2003.12.14"]
[Round "4.2"]
[White "Wornath, Kai Rudolf"]
[Black "Babrikowski, Peter"]
[Result "1-0"]
[WhiteElo "2382"]
[BlackElo "2254"]
[PlyCount "47"]
[EventDate "2003.11.02"]
[EventType "team-tourn"]
[EventRounds "11"]
[EventCountry "GER"]
[SourceTitle "EXT 2005"]
[Source "ChessBase"]
[SourceDate "2004.11.15"]
[SourceVersion "1"]
[SourceVersionDate "2004.11.15"]
[SourceQuality "1"]
[WhiteTeam "Griesheim"]
[BlackTeam "Jena Glas"]
[WhiteTeamCountry "GER"]
[BlackTeamCountry "GER"]

1. d4 f5 2. Nc3 Nf6 3. Bg5 g6 4. h4 Bg7 5. h5 Nxh5 6. e4 fxe4 7. Rxh5 gxh5 8. Bc4 Kf8 9. Qd2 d6 10. Qf4+ Bf6 11. Nxe4 Kg7 12. Bh6+ Kg6 13. Nxf6 exf6 14. Nf3 Re8+ 15. Kf1 d5 16. Bd3+ Re4 17. Nh4+ Kf7 18. Bxe4 dxe4 19. Qxe4 Kg8 20. Re1 Nc6 21. c3 Bg4 22. f3 Bd7 23. Qd5+ Kh8 24. Qf7 1-0

[Event "Oberliga Ost-B 0304"]
[Site "Germany"]
[Date "2003.11.22"]
[Round "2.2"]
[White "Nagel, Bernhard"]
[Black "Babrikowski, Peter"]
[Result "1/2-1/2"]
[WhiteElo "2238"]
[BlackElo "2254"]
[PlyCount "107"]
[EventDate "2003.11.02"]
[EventType "team-tourn"]
[EventRounds "11"]
[EventCountry "GER"]
[SourceTitle "EXT 2005"]
[Source "ChessBase"]
[SourceDate "2004.11.15"]
[SourceVersion "1"]
[SourceVersionDate "2004.11.15"]
[SourceQuality "1"]
[WhiteTeam "Wiesbaden"]
[BlackTeam "Jena Glas"]
[WhiteTeamCountry "GER"]
[BlackTeamCountry "GER"]

1. d4 f5 2. g3 Nf6 3. Bg2 g6 4. Nf3 Bg7 5. 0-0 0-0 6. c4 d6 7. Nc3 Nc6 8. d5 Na5 9. Qd3 c5 10. Ng5 a6 11. e4 fxe4 12. Ncxe4 b5 13. cxb5 axb5 14. Ne6 Bxe6 15. dxe6 c4 16. Nxf6+ Bxf6 17. Qb1 Ra6 18. Bh6 Bg7 19. Bxg7 Kxg7 20. Qe4 Nc6 21. b3 c3 22. Qd3 Qa5 23. a3 Rc8 24. b4 Ne5 25. bxa5 Nxd3 26. Bb7 Rac6 27. Bxc8 Rxc8 28. Rfd1 c2 29. Rxd3 c1Q+ 30. Rxc1 Rxc1+ 31. Kg2 Kf6 32. Rb3 Rc5 33. a6 Rc6 34. Rxb5 Rxa6 35. Rb3 Kxe6 36. Re3+ Kf6 37. f4 e6 38. Rb3 d5 39. Kf3 h5 40. h4 Kf5 41. Re3 Kf6 42. Rb3 Ke7 43. g4 hxg4+ 44. Kxg4 Kf6 45. Re3 Ra4 46. Kg3 Rc4 47. Kg4 Rc1 48. Rd3 Rg1+ 49. Rg3 Re1 50. Rd3 Re4 51. Rb3 Rc4 52. Rb8 Ra4 53. Rb3 Ra6 54. Re3 1/2-1/2

[Event "Oberliga Ost-A 0203"]
[Site "Germany"]
[Date "2002.12.15"]
[Round "4.3"]
[White "Neukirch, Detlef"]
[Black "Babrikowski, Peter"]
[Result "1-0"]
[WhiteElo "2272"]
[BlackElo "2272"]
[PlyCount "81"]
[EventDate "2002.10.20"]
[EventType "team"]
[EventRounds "11"]
[EventCountry "GER"]
[SourceTitle "EXT 2004"]
[Source "ChessBase"]
[SourceDate "2003.11.25"]
[SourceVersion "1"]
[SourceVersionDate "2003.11.25"]
[SourceQuality "1"]
[WhiteTeam "Halle USV"]
[BlackTeam "Jena Glas"]
[WhiteTeamCountry "GER"]
[BlackTeamCountry "GER"]

1. e4 c6 2. d4 d5 3. exd5 cxd5 4. c4 Nf6 5. Nc3 e6 6. c5 Nc6 7. Nf3 Ne4 8. Bb5 Nxc3 9. bxc3 Bd7 10. 0-0 Be7 11. Bf4 0-0 12. Rb1 Bf6 13. Re1 Rc8 14. Qd3 a6 15. Bxc6 Bxc6 16. Ne5 Bxe5 17. Bxe5 Qg5 18. Rb6 Rfe8 19. f4 Qf5 20. Qe3 Re7 21. Bd6 Rd7 22. Rb2 h6 23. Qf3 Bb5 24. Re3 b6 25. g4 Qg6 26. Qd1 bxc5 27. dxc5 Rb7 28. h3 Bc6 29. Rxb7 Bxb7 30. Kh2 d4 31. cxd4 h5 32. Qd3 Qf6 33. g5 Qd8 34. g6 Qa5 35. gxf7+ Kxf7 36. Re2 Qa4 37. Qb3 Qd7 38. f5 Bd5 39. fxe6+ Bxe6 40. Qf3+ Kg8 41. d5 1-0

[Event "Oberliga Ost-A 0203"]
[Site "Germany"]
[Date "2002.11.17"]
[Round "3.3"]
[White "Teumer, Joerg"]
[Black "Babrikowski, Peter"]
[Result "1/2-1/2"]
[WhiteElo "2151"]
[BlackElo "2272"]
[PlyCount "81"]
[EventDate "2002.10.20"]
[EventType "team"]
[EventRounds "11"]
[EventCountry "GER"]
[SourceTitle "EXT 2004"]
[Source "ChessBase"]
[SourceDate "2003.11.25"]
[SourceVersion "1"]
[SourceVersionDate "2003.11.25"]
[SourceQuality "1"]
[WhiteTeam "Dresden SC II"]
[BlackTeam "Jena Glas"]
[WhiteTeamCountry "GER"]
[BlackTeamCountry "GER"]

1. d4 f5 2. Bg5 Nf6 3. Bxf6 exf6 4. e3 d5 5. g3 Bd6 6. Bg2 c6 7. Ne2 0-0 8. Nd2 Be6 9. Qc1 Qa5 10. 0-0 Qa6 11. Re1 Nd7 12. Nf4 Bxf4 13. exf4 Rfe8 14. c3 Bf7 15. Nf1 Rxe1 16. Qxe1 Re8 17. Ne3 Nb6 18. Qd2 Nc4 19. Nxc4 Qxc4 20. Bf1 Qa4 21. Bd3 g6 22. a3 Qb3 23. Kf1 Kf8 24. Qc2 Qxc2 25. Bxc2 Ke7 26. Re1+ Kd6 27. Rxe8 Bxe8 28. Ke2 b6 29. Ke3 Bd7 30. h4 Ke6 31. b3 Kd6 32. Bd3 Be6 33. Be2 Bd7 34. Kd3 Bc8 35. c4 Be6 36. Kc3 a5 37. Bf1 Bf7 38. Be2 Be6 39. Bd3 Bd7 40. Kd2 Be6 41. Kc3 1/2-1/2

[Event "Oberliga Ost-A 9900"]
[Site "Germany"]
[Date "1999.10.10"]
[Round "1.3"]
[White "Babrikowski, Peter"]
[Black "Poenisch, Egmont"]
[Result "1-0"]
[WhiteElo "2275"]
[BlackElo "2162"]
[PlyCount "56"]
[EventDate "1999.10.??"]
[EventType "team"]
[EventRounds "11"]
[EventCountry "GER"]
[SourceTitle "EXT 2002"]
[Source "ChessBase"]
[SourceDate "2001.11.25"]
[SourceVersion "1"]
[SourceVersionDate "2001.11.25"]
[SourceQuality "1"]

1. e4 g6 2. d4 Bg7 3. Nf3 d6 4. Bc4 Nf6 5. Qe2 0-0 6. 0-0 c6 7. e5 dxe5 8. dxe5 Nd5 9. Rd1 Bg4 10. h3 Bxf3 11. Qxf3 e6 12. Bxd5 cxd5 13. c4 Nc6 14. cxd5 Nxe5 15. Qb3 exd5 16. Rxd5 Qe7 17. Be3 Rfc8 18. Nc3 a6 19. Rad1 b5 20. a4 b4 21. Ne4 Rc6 22. Bg5 Qb7 23. Rd8+ Bf8 24. Qe3 Nc4 25. Qf4 Rxd8 26. Rxd8 Nxb2 27. Nf6+ Rxf6 28. Qxf6 Qc7 1-0

[Event "Oberliga Ost-B 9596"]
[Site "Germany"]
[Date "1996.??.??"]
[Round "?"]
[White "Babrikowski, Peter"]
[Black "Bueder, Thomas"]
[Result "1-0"]
[WhiteElo "2270"]
[BlackElo "2250"]
[PlyCount "65"]
[EventDate "1995.10.??"]
[EventType "team"]
[EventRounds "10"]
[EventCountry "GER"]
[SourceTitle "EXT 1998"]
[Source "ChessBase"]
[SourceDate "1997.11.17"]
[SourceVersion "1"]
[SourceVersionDate "1997.11.17"]
[SourceQuality "1"]

1. e4 d6 2. d4 Nf6 3. Nc3 g6 4. Bg5 Bg7 5. Qd2 h6 6. Bf4 c6 7. Nf3 b5 8. a3 a6 9. Bd3 Nh5 10. Be3 e5 11. Be2 Qf6 12. 0-0-0 Nd7 13. dxe5 dxe5 14. g3 Qe7 15. Nh4 Nhf6 16. f4 Bb7 17. Rhf1 0-0-0 18. Qe1 b4 19. axb4 Qxb4 20. Nb5 Qa4 21. Nd6+ Kb8 22. Kb1 Rhf8 23. Rd3 Nxe4 24. Ra3 Qxa3 25. bxa3 Nxd6 26. Qb4 Nb5 27. a4 c5 28. Qb2 Nc7 29. fxe5 Bxe5 30. Qb3 Ka7 31. Kc1 Nd5 32. Bf3 Nb4 33. Qxb4 1-0